Statistics for Ends in "-art"

Click here to take the quiz!

General Stats

  • This quiz has been taken 57 times
  • The average score is 17 of 22

Answer Stats

HintAnswer% Correct
Marge and Homer's firstborn sonBart Simpson
100%
Some museums are full of itArt
94%
Throw one of these at the bullseyeDart
94%
To begin at the beginningStart
94%
No longer togetherApart
93%
To leave or go awayDepart
91%
A type of wagon, often found in US grocery stores (What the UK calls a "trolley")Cart
87%
What avid quiz solvers tend to beSmart
87%
A marketplaceMart
83%
Not sweet, as with applesTart
83%
A piece of something, or what you might comb into your hairPart
81%
Two pints, or one-fourth of a gallon (U.S,. or Imperial)Quart
81%
An unsightly skin growth, often found on witches' nosesWart
81%
If sailing to the capital of Tasmania, this type of sea map might come in handyChart
72%
To share, as with wisdom or knowledgeImpart
67%
The capital of TasmaniaHobart
61%
A male deer or stagHart
59%
An earthen wall built around a fortification (as mentioned in the "Star-Spangled Banner")Rampart
57%
Royal last name of Mary, Queen of Scots and Bonnie Prince Charlie, among othersStuart
56%
Legendary British actor. He played Jean-Luc PicardPatrick Stewart
54%
Legendary American film noir actor. He played Spade.Humphrey Bogart
46%
An arrogant or rude person, often newly-richUpstart
26%

Score Distribution

Percentile by Number Answered

Percent of People with Each Score

Your Score History

You have not taken this quiz